| 000 | 00629nam a2200193 i 4500 | ||
|---|---|---|---|
| 001 | 15385 | ||
| 003 | ES-MaACL | ||
| 005 | 20230906151046.0 | ||
| 007 | t| | ||
| 008 | 000222s1999 sp ||||1| spa d | ||
| 020 | _a84-7030-725-8 | ||
| 080 | _a34.096 Pinochet Ugarte, Augusto | ||
| 100 | 1 |
_aRemiro Brotóns, Antonio. _996134 |
|
| 245 | 1 | 3 |
_aEl caso Pinochet _b: los límites de la impunidad / _cAntonio Remiro Brotóns. |
| 260 |
_aMadrid : _bBiblioteca Nueva : _bEstudios de Política Exterior, _c[1999] |
||
| 300 |
_a252 p. ; _c22 cm. |
||
| 600 | 1 | 4 |
_aPinochet Ugarte, Augusto. _992185 |
| 852 |
_aES-MaACL _jL-22511 _bR.127840 |
||
| 999 |
_c15385 _d15385 |
||